| 000 | 00437nam a2200133 4500 | ||
|---|---|---|---|
| 999 |
_c10358 _d10358 |
||
| 008 | 180823b ||||| |||| 00| 0 eng d | ||
| 022 | _a2094-8042 | ||
| 082 | _aDPer 370.105 M72 Jan-Dec 2012 v. 60-61 | ||
| 245 | _aVegetatian nutrition for a healthier philippines/ | ||
| 260 |
_aPhilippines: _bIn the Grade School, Inc., _cc2011. |
||
| 300 |
_av60 n2, pages 62-65: _bil;lustrations; _c27cm. |
||
| 650 | 0 |
_930478 _a1 |
|
| 942 |
_2ddc _cPER |
||